000 00298nam a22001337a 4500
008 170502b xxu||||| |||| 00| 0 eng d
020 _akrasthe0104
041 _aeng
080 _a343.9
100 _a13
101 _aSHJ
245 _aTHEORIZING CRIMINAL JUSTICE
_cKRASKA, P.B
942 _2udc
_cBK
999 _c12350
_d12350